| 000 | 01223nam0a2200325 4500 | ||
|---|---|---|---|
| 001 | RU\NLR\bibl\1313421 | ||
| 005 | 20260406093927.0 | ||
| 010 |
_a978-5-17-050955-3 _bАСТ |
||
| 010 |
_a978-5-9713-7563-0 _bАСТ Москва |
||
| 010 |
_a978-5-9762-6575-2 _bХранитель _93000 |
||
| 021 |
_aRU _b2008-89851 _95250 |
||
| 035 | _a(NLR Aleph) 001298845 | ||
| 090 |
_a606213 _c606213 |
||
| 100 | _a20090111d2008 |||y0rusy50 ca | ||
| 101 | 0 | _arus | |
| 102 | _aRU | ||
| 105 | _aa ||||||||| | ||
| 200 | 1 |
_aРеестр Windows Vista _fС.В. Глушаков, Е.В. Дуравкин |
|
| 210 |
_aМосква _cАСТ [и др.] _d2008 |
||
| 215 |
_a314, [1] с. _cил. _d21 |
||
| 225 | 1 | _aСерия "Учебный курс" | |
| 606 | 1 |
_aMICROSOFT WINDOWS VISTA, операционная система _xРеестр _92505156 _3RU\NLR\auth\661485530 |
|
| 686 | _aЗ973.23-018.2 | ||
| 700 | 1 |
_4070 _8rus _7ca _aГлушаков _bС. В. _gСергей Владимирович _3RU\NLR\auth\7767675 _950603 |
|
| 701 | 1 |
_aДуравкин _bЕ. В. _gЕвгений Владимирович _4070 |
|
| 801 | 0 |
_aRU _bNLR _c20090111 _gRCR |
|
| 801 | 1 |
_aRU _bNLR _c20090111 |
|
| 942 | _cBOOK | ||
| 980 | _aNB | ||